LEADER 01182nam a2200277 i 4500 001 000000079312 003 CaOOAMICUS 005 20170328000000.0 008 170328s1969 it u000 u ita u 013 $a51549 040 $aSeMil$bita 100 1 $aDubarle, André Marie,$c.$0(OLS)http://semarc/name/7274 240 10$aAmour et fécondité dans la Bible.$0(OLS)http://semarc/title/403300 245 10$aAmore e feconditŕ nella Bibbia /$cAndré M. Dubarle. 260 $aBari :$bPaoline,$ccopyr. 1969. 300 $a102 p. ;$c18 cm. 490 0 $aLa Bibbia e i problemi dell'uomo d'oggi ;$v18 500 $aContiene : Bibliografia. 650 4$aBibbia - Tema [dell'] Amore.$0(OLS)http://semarc/subject/2647 650 4$aSesso - Teologia.$0(OLS)http://semarc/subject/13396 830 3$aLa Bibbia e i problemi dell'uomo d'oggi ;$v18.$0(OLS)http://semarc/title/6103 850 $aSeMil 852 $aSeMil$W1$xVenegono$y1$m2W VII 98$j45049$B45049$CSeMilBibl$Z2$F46908 $81 961 $aRecupero: Seminario di Seveso 996 $6245$aAmore e feconditŕ nella Bibbia$9(OLS)http://semarc/title/403299 996 $6260$aBari :$bPaoline$9(OLS)http://semarc/publisher/31230 LEADER 00788nam a2200205 i 4500 001 000000126926 003 CaOOAMICUS 005 20260604160943.0 008 040528s2004 it u000 u ita u 020 $a88-06-16784-7 040 $aSeMil$bita 245 10$a2: Letteratura/e - Violenza. 300 $aXVIII, P. 590-1314, [8] p. di tav. 773 0 $aSchmitt, Jean-Claude <1946- >$tDizionario dell'Occidente medievale.$dTorino : Einaudi, 2003-2004.$gVolume2$w()11705 850 $aSeMil 852 $aSeMil$W1$xVenegono$y1$mSL1.G III 28/2$j272923$B81270$CSeMilBibl$Z2$F83476 $8I 961 $aAcquisto: Einaudi (Agente) 996 $6020$a88-06-16784-7$9(OLS)http://semarc/number/113226 996 $6245$a2: Letteratura/e - Violenza$9(OLS)http://semarc/title/187241